[Event "CRO-chT1A 24th"]
[Site "Bol"]
[Date "2015.10.09"]
[Round "7.56"]
[White "Mrkonjic, Nenad"]
[Black "Radocaj, Denis"]
[Result "1-0"]
[WhiteElo "2363"]
[BlackElo "2310"]
[PlyCount "75"]
[EventDate "2015.10.03"]
[EventType "team-tourn"]
[EventRounds "9"]
[EventCountry "CRO"]
[SourceTitle "CBM 168 Extra"]
[Source "ChessBase"]
[SourceDate "2015.10.29"]
[SourceVersion "1"]
[SourceVersionDate "2015.10.29"]
[SourceQuality "1"]
[WhiteTeam "Osijek EFT"]
[BlackTeam "Sesvete Sljeme"]
[WhiteTeamCountry "CRO"]
[BlackTeamCountry "CRO"]

1. d4 Nf6 2. Nf3 e6 3. c4 b6 4. a3 Bb7 5. Nc3 d5 6. cxd5 exd5 7. Bg5 Be7 8. e3 Nbd7 9. Rc1 0-0 10. Qc2 c5 11. Bd3 c4 12. Bf5 g6 13. Bh3 Nh5 14. Bxe7 Qxe7 15. 0-0 f5 16. g3 Bc6 17. Bg2 Nhf6 18. Nd2 b5 19. Ne2 Nb6 20. h4 a5 21. Nf4 Rac8 22. Nf3 Nfd7 23. Rfd1 b4 24. Qd2 Ba4 25. Re1 Rfd8 26. axb4 axb4 27. Ng5 Nf8 28. Ra1 Ra8 29. Nf3 Nfd7 30. Ne5 Nxe5 31. dxe5 Qxe5 32. Qxb4 Qd6 33. Qc3 Be8 34. Qd4 Bf7 35. Red1 Rxa1 36. Rxa1 Ra8 37. Rxa8+ Nxa8 38. Nxd5 1-0

[Event "CRO-chT1A 24th"]
[Site "Bol"]
[Date "2015.10.08"]
[Round "6.16"]
[White "Radocaj, Denis"]
[Black "Susak, Zeljko"]
[Result "1-0"]
[WhiteElo "2310"]
[BlackElo "2196"]
[PlyCount "158"]
[EventDate "2015.10.03"]
[EventType "team-tourn"]
[EventRounds "9"]
[EventCountry "CRO"]
[SourceTitle "CBM 168 Extra"]
[Source "ChessBase"]
[SourceDate "2015.10.29"]
[SourceVersion "1"]
[SourceVersionDate "2015.10.29"]
[SourceQuality "1"]
[WhiteTeam "Sesvete Sljeme"]
[BlackTeam "Split Brda"]
[WhiteTeamCountry "CRO"]
[BlackTeamCountry "CRO"]

1. d4 Nf6 2. Nf3 e6 3. g3 b6 4. c4 Bb7 5. Bg2 Bb4+ 6. Bd2 a5 7. 0-0 0-0 8. Bf4 Be7 9. Qc2 Be4 10. Qc1 Na6 11. Nc3 Bb7 12. Rd1 Nh5 13. Bd2 Nf6 14. Bf4 Nh5 15. Bd2 Nf6 16. Qb1 d5 17. cxd5 exd5 18. Ne5 h6 19. a3 c6 20. Bf4 Nc7 21. g4 Bd6 22. h3 Qe7 23. Qf5 Ne6 24. Bg3 Rad8 25. e3 Bxe5 26. Bxe5 Nd7 27. Bg3 Rfe8 28. Rac1 Ng5 29. Re1 Nf6 30. f3 Ne6 31. Na4 Nd7 32. Nc3 b5 33. Rcd1 Ba6 34. Bf1 Bb7 35. h4 b4 36. Nb1 c5 37. dxc5 Ndxc5 38. Bb5 Rf8 39. axb4 axb4 40. Kg2 Ba8 41. Nd2 Qb7 42. Bf1 Qb6 43. b3 Nd7 44. Bf2 Qb8 45. h5 Rc8 46. Bd3 Nf6 47. Bh4 Nc5 48. Bb1 Ncd7 49. g5 hxg5 50. Bxg5 Rfe8 51. Bf4 Qb6 52. Kh2 Qe6 53. Rg1 Qxf5 54. Bxf5 Rc5 55. Bh6 d4 56. Bxg7 Rxf5 57. Bxf6+ Kh7 58. Bxd4 Rxh5+ 59. Kg3 Rg8+ 60. Kf4 Rh4+ 61. Rg4 Rgxg4+ 62. fxg4 Kg6 63. Ra1 Bd5 64. Kg3 Rh7 65. e4 Be6 66. Nf3 f6 67. Ra4 Bxb3 68. Rxb4 Bc2 69. e5 fxe5 70. Bxe5 Nxe5 71. Nxe5+ Kf6 72. Kf4 Rh1 73. Rb6+ Ke7 74. Rc6 Rf1+ 75. Kg5 Be4 76. Ng6+ Kd7 77. Rf6 Rg1 78. Rf4 Bd5 79. Rd4 Kc6 1-0

[Event "CRO-chT1A"]
[Site "Bol"]
[Date "2014.10.11"]
[Round "8.4"]
[White "Petrov, Jole"]
[Black "Radocaj, Denis"]
[Result "1/2-1/2"]
[WhiteElo "2415"]
[BlackElo "2314"]
[PlyCount "98"]
[EventDate "2014.10.04"]
[EventType "team-tourn"]
[EventRounds "9"]
[EventCountry "CRO"]
[SourceTitle "CBM 162 Extra"]
[Source "ChessBase"]
[SourceDate "2014.10.17"]
[SourceVersion "1"]
[SourceVersionDate "2014.10.17"]
[SourceQuality "1"]
[WhiteTeam "Rijeka Rijeka"]
[BlackTeam "Sesvete"]
[WhiteTeamCountry "CRO"]
[BlackTeamCountry "CRO"]

1. c4 Nf6 2. g3 e6 3. Bg2 d5 4. Nf3 Be7 5. 0-0 0-0 6. d4 dxc4 7. Ne5 Nc6 8. Bxc6 bxc6 9. Nxc6 Qe8 10. Nxe7+ Qxe7 11. Qa4 e5 12. dxe5 Qxe5 13. Qxc4 Be6 14. Qc2 Bf5 15. Qd2 Bxb1 16. Rxb1 Rfe8 17. Qc2 Qxe2 18. Qxe2 Rxe2 19. Be3 Nd5 20. Bd4 a5 21. Rfe1 Rxe1+ 22. Rxe1 f6 23. Re2 Kf7 24. f4 g6 25. Kf2 Ra6 26. Rc2 Ke6 27. Kf3 Kd7 28. a3 c6 29. g4 Ra8 30. h4 Re8 31. g5 Re1 32. gxf6 Rf1+ 33. Rf2 Rxf2+ 34. Bxf2 a4 35. f7 Ke7 36. Ke4 Kxf7 37. Ke5 Ke7 38. Bc5+ Kf7 39. Kd6 Nxf4 40. Kxc6 Nd3 41. Bd4 Ke6 42. Kb5 Kd5 43. Bg7 h6 44. Bxh6 Nxb2 45. Bg7 Nc4 46. Kxa4 Kc6 47. Kb4 Nd6 48. a4 Nf5 49. Bf6 Nxh4 1/2-1/2

[Event "CRO-chT2"]
[Site "Bol"]
[Date "2013.09.21"]
[Round "8.2"]
[White "Vidovic, Sasa"]
[Black "Radocaj, Denis"]
[Result "1-0"]
[WhiteElo "2345"]
[BlackElo "2309"]
[PlyCount "55"]
[EventDate "2013.09.14"]
[EventType "team-tourn"]
[EventRounds "9"]
[EventCountry "CRO"]
[SourceTitle "CBM 156 Extra"]
[Source "ChessBase"]
[SourceDate "2013.10.22"]
[SourceVersion "1"]
[SourceVersionDate "2013.10.22"]
[SourceQuality "1"]
[WhiteTeam "Strigova Stridon"]
[BlackTeam "Sesvete"]
[WhiteTeamCountry "CRO"]
[BlackTeamCountry "CRO"]

1. e4 c5 2. c3 Nf6 3. e5 Nd5 4. d4 cxd4 5. Qxd4 e6 6. Nf3 Nc6 7. Qe4 d6 8. Bb5 Bd7 9. c4 Nb6 10. exd6 Bxd6 11. 0-0 a6 12. Rd1 Qe7 13. Be3 Bc5 14. b4 f5 15. Qd3 Nxb4 16. Bxd7+ Nxd7 17. Qb3 Bxe3 18. fxe3 0-0-0 19. Nd4 Ne5 20. Nc3 Rd7 21. Na4 Kb8 22. Rab1 Nec6 23. Nxc6+ Nxc6 24. Rxd7 Qxd7 25. Nc5 Qe7 26. Nxb7 Qc7 27. Nc5+ Ka7 28. Nxe6 1-0

[Event "CRO-chT2"]
[Site "Bol"]
[Date "2013.09.19"]
[Round "6.3"]
[White "Glavas, Dragan"]
[Black "Radocaj, Denis"]
[Result "0-1"]
[WhiteElo "2312"]
[BlackElo "2309"]
[PlyCount "40"]
[EventDate "2013.09.14"]
[EventType "team-tourn"]
[EventRounds "9"]
[EventCountry "CRO"]
[SourceTitle "CBM 156 Extra"]
[Source "ChessBase"]
[SourceDate "2013.10.22"]
[SourceVersion "1"]
[SourceVersionDate "2013.10.22"]
[SourceQuality "1"]
[WhiteTeam "Pula"]
[BlackTeam "Sesvete"]
[WhiteTeamCountry "CRO"]
[BlackTeamCountry "CRO"]

1. d4 Nf6 2. c4 e6 3. Nc3 Bb4 4. Qc2 c5 5. dxc5 0-0 6. a3 Bxc5 7. Nf3 b6 8. Bg5 Bb7 9. 0-0-0 h6 10. Bh4 Be7 11. e4 Nh5 12. Bxe7 Qxe7 13. Qd2 Na6 14. Bd3 d6 15. g4 Qf6 16. gxh5 Qxf3 17. Be2 Qxf2 18. Rdf1 Qc5 19. Rhg1 Kh8 20. Rf6 Qxg1+ 0-1

[Event "CRO-chT1B 21st"]
[Site "Sibenik"]
[Date "2012.09.29"]
[Round "7.3"]
[White "Glavas, Dragan"]
[Black "Radocaj, Denis"]
[Result "0-1"]
[WhiteElo "2316"]
[BlackElo "2316"]
[PlyCount "80"]
[EventDate "2012.09.23"]
[EventType "team-tourn"]
[EventRounds "7"]
[EventCountry "CRO"]
[SourceTitle "CBM 150 Extra"]
[Source "ChessBase"]
[SourceDate "2012.10.19"]
[SourceVersion "1"]
[SourceVersionDate "2012.10.19"]
[SourceQuality "1"]
[WhiteTeam "Pula"]
[BlackTeam "Sesvete"]
[WhiteTeamCountry "CRO"]
[BlackTeamCountry "CRO"]

1. d4 Nf6 2. c4 e6 3. Nc3 Bb4 4. a3 Bxc3+ 5. bxc3 b6 6. Bg5 h6 7. Bh4 Nc6 8. Nf3 d6 9. Nd2 g5 10. Bg3 Nh5 11. e3 Nxg3 12. fxg3 Qe7 13. c5 Bb7 14. Bb5 a6 15. cxd6 Qxd6 16. Ne4 Qe7 17. Bd3 f5 18. Nd2 0-0-0 19. Qe2 a5 20. 0-0 Kb8 21. c4 Qd7 22. d5 exd5 23. Bxf5 Qe7 24. Qf2 dxc4 25. Nxc4 Ne5 26. Nxe5 Qxe5 27. Rae1 Rd6 28. Qc2 Rhd8 29. Rf2 Rc6 30. Qb1 Rc3 31. Qa1 Qc5 32. Bg4 Rxe3 33. Rc1 Rxa3 34. Qb2 Qe3 35. Qc2 Ra2 36. Qxc7+ Ka7 37. Bf3 Qxf2+ 38. Kh1 Rb8 39. h3 Qd4 40. Kh2 Ra1 0-1

[Event "CRO-chT1B 21st"]
[Site "Sibenik"]
[Date "2012.09.26"]
[Round "4.4"]
[White "Radocaj, Denis"]
[Black "Segovic, Goran"]
[Result "1/2-1/2"]
[WhiteElo "2316"]
[BlackElo "2170"]
[PlyCount "111"]
[EventDate "2012.09.23"]
[EventType "team-tourn"]
[EventRounds "7"]
[EventCountry "CRO"]
[SourceTitle "CBM 150 Extra"]
[Source "ChessBase"]
[SourceDate "2012.10.19"]
[SourceVersion "1"]
[SourceVersionDate "2012.10.19"]
[SourceQuality "1"]
[WhiteTeam "Sesvete"]
[BlackTeam "Varazdin"]
[WhiteTeamCountry "CRO"]
[BlackTeamCountry "CRO"]

1. d4 d5 2. c4 c6 3. Nf3 Nf6 4. Nc3 e6 5. Qb3 Nbd7 6. Bg5 Be7 7. e3 b6 8. Be2 Bb7 9. 0-0 0-0 10. a4 a6 11. c5 b5 12. axb5 axb5 13. Rfc1 Ne4 14. Rxa8 Bxa8 15. Bxe7 Qxe7 16. Qc2 Nxc3 17. Qxc3 Bb7 18. Ra1 Ra8 19. Rxa8+ Bxa8 20. Qa5 Qe8 21. Ne5 Nxe5 22. dxe5 Qb8 23. f4 Kf8 24. Kf2 Ke7 25. Bd3 g6 26. g4 Kd7 27. g5 Bb7 28. Ke2 Qa8 29. Qxa8 Bxa8 30. Kd2 Bb7 31. Kc3 Kc7 32. h4 Bc8 33. Be2 Bd7 34. h5 Be8 35. hxg6 hxg6 36. Kb4 Bd7 37. Ka5 Be8 38. Ka6 Bd7 39. Bd3 Bc8+ 40. Ka5 Bd7 41. Be2 Be8 42. Kb4 Bd7 43. Kc3 Kd8 44. e4 dxe4 45. Kd4 Ke7 46. Kxe4 Be8 47. Kd4 Bd7 48. Kc3 Kd8 49. Bd1 Be8 50. Bb3 Kd7 51. Kb4 Kc7 52. Ba2 Kb7 53. Kc3 Kc7 54. Kb4 Kd7 55. Bb1 Ke7 56. Bxg6 1/2-1/2

[Event "CRO-chT1B 21st"]
[Site "Sibenik"]
[Date "2012.09.23"]
[Round "1.2"]
[White "Radocaj, Denis"]
[Black "Grgurevic, Boris"]
[Result "1/2-1/2"]
[WhiteElo "2316"]
[BlackElo "2234"]
[PlyCount "33"]
[EventDate "2012.09.23"]
[EventType "team-tourn"]
[EventRounds "7"]
[EventCountry "CRO"]
[SourceTitle "CBM 150 Extra"]
[Source "ChessBase"]
[SourceDate "2012.10.19"]
[SourceVersion "1"]
[SourceVersionDate "2012.10.19"]
[SourceQuality "1"]
[WhiteTeam "Sesvete"]
[BlackTeam "Sibenik"]
[WhiteTeamCountry "CRO"]
[BlackTeamCountry "CRO"]

1. d4 Nf6 2. c4 g6 3. Nc3 Bg7 4. e4 d6 5. Nf3 0-0 6. Be2 e5 7. Be3 c6 8. Qd2 Nbd7 9. Rd1 Re8 10. d5 cxd5 11. cxd5 Ng4 12. Bg5 f6 13. Bh4 h5 14. h3 Nh6 15. Qc2 a6 16. Nd2 Nf8 17. f3 1/2-1/2

[Event "CRO-chT1B 20th"]
[Site "Sibenik"]
[Date "2011.10.04"]
[Round "1.1"]
[White "Susak, Zeljko"]
[Black "Radocaj, Denis"]
[Result "1/2-1/2"]
[WhiteElo "2191"]
[BlackElo "2318"]
[PlyCount "28"]
[EventDate "2011.10.04"]
[EventType "team-tourn"]
[EventRounds "9"]
[EventCountry "CRO"]
[SourceTitle "CBM 144 Extra"]
[Source "ChessBase"]
[SourceDate "2011.10.28"]
[SourceVersion "1"]
[SourceVersionDate "2011.10.28"]
[SourceQuality "1"]
[WhiteTeam "Split Brda"]
[BlackTeam "Sesvete"]
[WhiteTeamCountry "CRO"]
[BlackTeamCountry "CRO"]

1. e4 c5 2. c3 Nf6 3. e5 Nd5 4. Nf3 Nc6 5. d4 cxd4 6. cxd4 d6 7. Bc4 e6 8. 0-0 Be7 9. exd6 Qxd6 10. Nc3 0-0 11. Re1 Rd8 12. Bb3 b6 13. Nxd5 exd5 14. Ne5 Nxe5 1/2-1/2

[Event "CRO-chT2b"]
[Site "Croatia"]
[Date "2009.03.15"]
[Round "6"]
[White "Radocaj, Denis"]
[Black "Machata, Martin"]
[Result "1/2-1/2"]
[WhiteElo "2324"]
[BlackElo "2195"]
[PlyCount "78"]
[EventDate "2009.03.01"]
[EventType "team-tourn"]
[EventRounds "11"]
[EventCountry "CRO"]
[SourceTitle "EXT 2010"]
[Source "ChessBase"]
[SourceDate "2010.11.25"]
[SourceVersion "1"]
[SourceVersionDate "2010.11.25"]
[SourceQuality "1"]

1. d4 Nf6 2. c4 e6 3. Nf3 c5 4. d5 b5 5. dxe6 fxe6 6. cxb5 d5 7. e3 Nbd7 8. Nc3 Bb7 9. Be2 Bd6 10. 0-0 0-0 11. b4 cxb4 12. Na4 Ng4 13. h3 Nge5 14. Nd4 Qe7 15. Bb2 Rac8 16. Qb3 Nc4 17. Rad1 Nxb2 18. Qxb2 Ne5 19. Qb1 Rf6 20. e4 dxe4 21. Rc1 Rff8 22. Rxc8 Rxc8 23. Rc1 Qd7 24. Rd1 Qe7 25. Qb3 Bd5 26. Qe3 h6 27. Nf5 exf5 28. Rxd5 Kh8 29. Qd2 Rd8 30. b6 axb6 31. Nxb6 Bc7 32. Nc4 Nd3 33. Rxd8+ Qxd8 34. Bxd3 Qxd3 35. Qxd3 exd3 36. Kf1 h5 37. Nb2 d2 38. Ke2 Bb6 39. Nd3 Ba5 1/2-1/2

[Event "CRO-chT2b"]
[Site "Croatia"]
[Date "2009.03.08"]
[Round "3"]
[White "Florjan, Mladen"]
[Black "Radocaj, Denis"]
[Result "0-1"]
[WhiteElo "2004"]
[BlackElo "2324"]
[PlyCount "96"]
[EventDate "2009.03.01"]
[EventType "team-tourn"]
[EventRounds "11"]
[EventCountry "CRO"]
[SourceTitle "EXT 2010"]
[Source "ChessBase"]
[SourceDate "2010.11.25"]
[SourceVersion "1"]
[SourceVersionDate "2010.11.25"]
[SourceQuality "1"]

1. d4 Nf6 2. g3 e6 3. Bg2 d5 4. Nf3 Be7 5. 0-0 0-0 6. c4 dxc4 7. Qc2 a6 8. Qxc4 b5 9. Qc2 Bb7 10. Bf4 Bd6 11. Bxd6 cxd6 12. Nbd2 Nc6 13. a3 Qb6 14. e3 Rac8 15. Qd3 Rc7 16. Rac1 Rfc8 17. Qb1 h6 18. b4 Ne7 19. Rxc7 Qxc7 20. Nb3 Be4 21. Qb2 Qb7 22. Ne1 Rc7 23. Nd2 Bxg2 24. Nxg2 Qc8 25. Rd1 Rc2 26. Qb3 Ned5 27. Ne1 Rc3 28. Qb2 Nb6 29. Nb1 Na4 30. Qe2 Rc1 31. Qd2 Rc4 32. Qe2 Ne4 33. Rd3 Rc1 34. f3 Rxb1 35. fxe4 Qc1 36. Kf1 Nc3 37. Qd2 Nxe4 38. Qxc1 Rxc1 39. Ke2 f5 40. d5 e5 41. Nf3 Rc2+ 42. Ke1 Kf7 43. Nd2 Nxd2 44. Rxd2 Rxd2 45. Kxd2 Kf6 46. Kc3 Kg5 47. h3 h5 48. Kd3 h4 0-1

[Event "CRO-chT1B"]
[Site "Sibenik"]
[Date "2007.10.01"]
[Round "7"]
[White "Radocaj, Denis"]
[Black "Klobucar, Dean"]
[Result "0-1"]
[WhiteElo "2344"]
[BlackElo "2182"]
[PlyCount "76"]
[EventDate "2007.09.25"]
[EventType "team"]
[EventRounds "9"]
[EventCountry "CRO"]
[SourceTitle "CBM 120 Extra"]
[Source "ChessBase"]
[SourceDate "2007.11.01"]
[SourceVersion "1"]
[SourceVersionDate "2007.11.01"]
[SourceQuality "1"]

1. d4 Nf6 2. c4 c5 3. d5 e6 4. Nc3 exd5 5. cxd5 d6 6. Nf3 g6 7. Bf4 a6 8. e4 Bg7 9. Qa4+ Nfd7 10. Be2 0-0 11. 0-0 b5 12. Qc2 Qe7 13. a4 b4 14. Nd1 a5 15. Rb1 Nb6 16. Ne3 N8d7 17. Bg5 Bf6 18. Bh6 Re8 19. Rfe1 Ne5 20. Nd2 Ba6 21. Bxa6 Rxa6 22. f4 Ned7 23. Kh1 Bd4 24. Qd3 Raa8 25. b3 Bc3 26. Nef1 c4 27. bxc4 Nxa4 28. Re3 Ndc5 29. Qc2 Bd4 30. Ree1 Nc3 31. Nf3 Bh8 32. e5 Nxb1 33. Qxb1 Qd7 34. N1d2 a4 35. Qxb4 Nd3 36. Qb1 Nxe1 37. Qxe1 a3 38. Nb3 a2 0-1

[Event "CRO-chT1B"]
[Site "Sibenik"]
[Date "2007.09.30"]
[Round "6"]
[White "Bender, Ivan"]
[Black "Radocaj, Denis"]
[Result "1/2-1/2"]
[WhiteElo "2320"]
[BlackElo "2344"]
[PlyCount "64"]
[EventDate "2007.09.25"]
[EventType "team"]
[EventRounds "9"]
[EventCountry "CRO"]
[SourceTitle "CBM 120 Extra"]
[Source "ChessBase"]
[SourceDate "2007.11.01"]
[SourceVersion "1"]
[SourceVersionDate "2007.11.01"]
[SourceQuality "1"]

1. d4 Nf6 2. c4 e6 3. Nc3 Bb4 4. Qc2 c5 5. dxc5 0-0 6. a3 Bxc5 7. Nf3 b6 8. Bf4 Bb7 9. e3 Be7 10. Rd1 Nc6 11. Nb5 d5 12. cxd5 exd5 13. Nbd4 Qc8 14. Bd3 Nxd4 15. Nxd4 Qxc2 16. Bxc2 g6 17. h3 Rac8 18. Bd3 Ne4 19. 0-0 Rfd8 20. Be5 f6 21. Bh2 Kf7 22. Rc1 Nd2 23. Rfd1 Nc4 24. Rb1 a6 25. Kf1 b5 26. Ke2 Bc5 27. Nc2 Bb6 28. g4 Ne5 29. Nd4 Bxd4 30. exd4 Nc6 31. Kf1 Nxd4 32. Bxg6+ hxg6 1/2-1/2

[Event "CRO Cup"]
[Site "Rabac"]
[Date "2003.05.28"]
[Round "3"]
[White "Jurkovic, Hrvoje"]
[Black "Radocaj, Denis"]
[Result "0-1"]
[WhiteElo "2401"]
[BlackElo "2363"]
[PlyCount "132"]
[EventDate "2003.05.26"]
[EventType "team"]
[EventRounds "5"]
[EventCountry "CRO"]
[SourceTitle "CBM 094 Extra"]
[Source "ChessBase"]
[SourceDate "2003.07.09"]
[SourceVersion "2"]
[SourceVersionDate "2003.07.09"]
[SourceQuality "1"]

1. e4 c5 2. Nc3 Nc6 3. g3 g6 4. Bg2 Bg7 5. d3 d6 6. Be3 e6 7. Qd2 Qa5 8. f4 Nge7 9. Nf3 d5 10. Bf2 d4 11. Ne2 Qxd2+ 12. Kxd2 e5 13. c3 f6 14. Rhc1 Be6 15. Ke1 a5 16. Neg1 h6 17. Bh3 Bf7 18. Ne2 Rd8 19. cxd4 cxd4 20. a3 0-0 21. Rc2 f5 22. Nd2 exf4 23. gxf4 fxe4 24. Nxe4 Nd5 25. Kd2 Ne3 26. Rc5 Rd5 27. Rac1 Re8 28. Bh4 Kh8 29. Nf6 Rxc5 30. Rxc5 Rf8 31. Nxd4 Nf1+ 32. Bxf1 Nxd4 33. Ke3 Nf5+ 34. Rxf5 gxf5 35. d4 Rd8 36. Bb5 Rd6 37. Nd7 Bxd4+ 38. Kf3 Bd5+ 39. Ke2 Bc6 40. Bxc6 bxc6 41. Ne5 Re6 42. Kd3 Bxb2 43. Nc4 Bc1 44. Bg3 Kh7 45. a4 Re4 46. Nxa5 Rxa4 47. Nxc6 Bxf4 48. Ke2 Bxg3 49. hxg3 Re4+ 50. Kf3 Kg6 51. Nd8 Kf6 52. Nb7 Rd4 53. Ke3 Ke5 54. Na5 f4+ 55. Kf2 Rd2+ 56. Ke1 Ra2 57. Nc6+ Kd6 58. Nd4 Ke5 59. Nc6+ Ke4 60. gxf4 Kxf4 61. Nb4 Rh2 62. Nd5+ Kf3 63. Nb4 h5 64. Nc6 Rh1+ 65. Kd2 h4 66. Ne5+ Kg3 0-1

[Event "CRO Cup"]
[Site "Rabac"]
[Date "2003.05.26"]
[Round "1"]
[White "Radocaj, Denis"]
[Black "Savic, Miroslav"]
[Result "1-0"]
[WhiteElo "2363"]
[BlackElo "2239"]
[PlyCount "119"]
[EventDate "2003.05.26"]
[EventType "team"]
[EventRounds "5"]
[EventCountry "CRO"]
[SourceTitle "CBM 094 Extra"]
[Source "ChessBase"]
[SourceDate "2003.07.09"]
[SourceVersion "2"]
[SourceVersionDate "2003.07.09"]
[SourceQuality "1"]

1. d4 Nf6 2. c4 e6 3. Nf3 b6 4. g3 Bb7 5. Bg2 Bb4+ 6. Bd2 Qe7 7. 0-0 Bxd2 8. Qxd2 0-0 9. Qc2 Be4 10. Qc1 d5 11. Nbd2 c6 12. Nxe4 Nxe4 13. Qe3 Nd7 14. Rac1 Rac8 15. Rc2 Nd6 16. Qa3 dxc4 17. Rxc4 c5 18. Rcc1 Rfe8 19. dxc5 bxc5 20. Rfd1 Nb6 21. Ne5 Nb5 22. Qa6 Nd4 23. e3 f6 24. exd4 fxe5 25. dxe5 c4 26. Rd6 Rc5 27. f4 Qc7 28. Qb7 Qxb7 29. Bxb7 Na4 30. Bc6 Rxc6 31. Rxc6 Nxb2 32. Rb1 Na4 33. Rxc4 Nb6 34. Rc6 Rd8 35. Rb2 Rd1+ 36. Kf2 Rh1 37. Kg2 Rd1 38. Rxe6 Nc4 39. Rb7 h5 40. Ree7 Rd2+ 41. Kf3 Rxh2 42. Rxg7+ Kh8 43. Rh7+ Kg8 44. Rbg7+ Kf8 45. Rxa7 Nd2+ 46. Ke3 Nf1+ 47. Kd3 Kg8 48. Rhc7 Rd2+ 49. Kc3 Rd8 50. Rg7+ Kh8 51. Rh7+ Kg8 52. Rxh5 Rc8+ 53. Kb4 Ne3 54. e6 Nc2+ 55. Ka5 Nd4 56. Rg5+ Kh8 57. Ra6 Rc2 58. e7 Rxa2+ 59. Kb4 Re2 60. Rh6# 1-0

[Event "CRO-chT"]
[Site "Pula"]
[Date "2000.09.17"]
[Round "7"]
[White "Jankovic, Alojzije"]
[Black "Radocaj, Denis"]
[Result "0-1"]
[WhiteElo "2343"]
[BlackElo "2351"]
[PlyCount "52"]
[EventDate "2000.09.??"]
[EventType "team"]
[EventRounds "9"]
[EventCountry "CRO"]
[SourceTitle "CBM 078 Extra"]
[Source "ChessBase"]
[SourceDate "2000.11.10"]
[SourceVersion "1"]
[SourceVersionDate "2000.11.10"]
[SourceQuality "1"]

1. d4 Nf6 2. Nf3 e6 3. c4 b6 4. g3 Bb7 5. Bg2 Be7 6. 0-0 0-0 7. Nc3 Ne4 8. Bd2 f5 9. d5 Bf6 10. Rc1 c5 11. Ne1 exd5 12. cxd5 Bxc3 13. Bxc3 d6 14. b3 Na6 15. Bb2 Nb4 16. Rc4 Qe7 17. Nc2 Nxd5 18. f3 Ng5 19. h4 b5 20. hxg5 bxc4 21. bxc4 Nb6 22. Qd3 Rae8 23. e3 Qxg5 24. Qxd6 Nxc4 25. Qxc5 Nxb2 26. Qb5 Rb8 0-1

[Event "CRO-chT"]
[Site "Pula"]
[Date "1999.09.10"]
[Round "2"]
[White "Radocaj, Denis"]
[Black "Jovanovic, Zoran"]
[Result "1/2-1/2"]
[WhiteElo "2375"]
[BlackElo "2310"]
[PlyCount "36"]
[EventDate "1999.09.05"]
[EventType "team"]
[EventRounds "9"]
[EventCountry "CRO"]
[SourceTitle "EXT 2000"]
[Source "ChessBase"]
[SourceDate "1999.11.16"]
[SourceVersion "1"]
[SourceVersionDate "1999.11.16"]
[SourceQuality "1"]

1. d4 Nf6 2. c4 g6 3. Nc3 Bg7 4. e4 d6 5. Nf3 0-0 6. Be2 e5 7. Be3 exd4 8. Nxd4 Re8 9. f3 Nc6 10. 0-0 Nh5 11. Nc2 f5 12. Qd2 Nf6 13. Bg5 Qe7 14. Rae1 Qf7 15. exf5 Bxf5 16. Ne3 Be6 17. f4 Ne7 18. Bd3 c6 1/2-1/2

[Event "Pula op 13th"]
[Site "Pula"]
[Date "1999.06.01"]
[Round "4"]
[White "Radocaj, Denis"]
[Black "Trtanj, Tina"]
[Result "1-0"]
[WhiteElo "2375"]
[BlackElo "2074"]
[PlyCount "53"]
[EventDate "1999.05.??"]
[EventType "swiss"]
[EventRounds "9"]
[EventCountry "CRO"]
[SourceTitle "EXT 2000"]
[Source "ChessBase"]
[SourceDate "1999.11.16"]
[SourceVersion "1"]
[SourceVersionDate "1999.11.16"]
[SourceQuality "1"]

1. d4 d5 2. c4 e6 3. Nc3 Nf6 4. Bg5 Be7 5. e3 Nbd7 6. Nf3 0-0 7. Rc1 a6 8. a4 c5 9. cxd5 Nxd5 10. Bxe7 Nxe7 11. dxc5 Nxc5 12. b4 Qxd1+ 13. Kxd1 Rd8+ 14. Kc2 Nd7 15. Rd1 Rf8 16. Rd6 Nf6 17. e4 Nc6 18. b5 Rd8 19. Rxd8+ Nxd8 20. e5 Nd5 21. Bc4 axb5 22. Bxb5 Nc6 23. Rd1 Ncb4+ 24. Kb3 Kf8 25. Ng5 Nxc3 26. Rd8+ Ke7 27. Re8# 1-0

[Event "Pula op 12th"]
[Site "Pula"]
[Date "1998.??.??"]
[Round "2"]
[White "Delchev, Aleksander"]
[Black "Radocaj, Denis"]
[Result "1/2-1/2"]
[WhiteElo "2545"]
[BlackElo "2380"]
[PlyCount "78"]
[EventDate "1998.05.??"]
[EventType "swiss"]
[EventRounds "9"]
[EventCountry "CRO"]
[SourceTitle "EXT 2000"]
[Source "ChessBase"]
[SourceDate "1999.11.16"]
[SourceVersion "1"]
[SourceVersionDate "1999.11.16"]
[SourceQuality "1"]

1. e4 c5 2. Nf3 d6 3. d4 cxd4 4. Nxd4 Nf6 5. Nc3 g6 6. Be3 Bg7 7. f3 0-0 8. Qd2 Nc6 9. 0-0-0 Nxd4 10. Bxd4 Be6 11. Kb1 Qc7 12. h4 Rfc8 13. h5 Qa5 14. h6 Bh8 15. a3 Nd7 16. f4 Bxd4 17. Qxd4 f6 18. Bb5 Nf8 19. f5 Rxc3 20. Qxc3 Qxc3 21. bxc3 gxf5 22. exf5 Bxf5 23. Bc4+ Be6 24. Rd4 Kf7 25. Re1 Bxc4 26. Rxc4 Rb8 27. Ka2 f5 28. g4 fxg4 29. Rf4+ Ke8 30. Ref1 Ne6 31. Rf7 Kd7 32. Rxh7 g3 33. Rg1 Rg8 34. Rf7 Rh8 35. h7 Ng5 36. Rg7 Ne6 37. Rf7 Ke8 38. Rf5 Rxh7 39. Rxg3 Kd7 1/2-1/2

[Event "Pula op 12th"]
[Site "Pula"]
[Date "1998.??.??"]
[Round "5"]
[White "Radocaj, Denis"]
[Black "Sale, Srdjan"]
[Result "0-1"]
[WhiteElo "2380"]
[BlackElo "2415"]
[PlyCount "80"]
[EventDate "1998.05.??"]
[EventType "swiss"]
[EventRounds "9"]
[EventCountry "CRO"]
[SourceTitle "EXT 2000"]
[Source "ChessBase"]
[SourceDate "1999.11.16"]
[SourceVersion "1"]
[SourceVersionDate "1999.11.16"]
[SourceQuality "1"]

1. d4 e6 2. c4 f5 3. Nf3 Nf6 4. g3 Be7 5. Bg2 0-0 6. 0-0 d6 7. Nc3 Qe8 8. Qc2 Qg6 9. Bg5 Nc6 10. d5 Nb4 11. Qb3 Na6 12. dxe6 Nc5 13. Qc2 Nxe6 14. Bxf6 Bxf6 15. Nd5 Bd8 16. Rad1 c6 17. Nc3 Bc7 18. e3 Qf6 19. b4 Qf7 20. Rfe1 Nd8 21. Qd3 Ne6 22. Qc2 a6 23. a4 h6 24. e4 f4 25. e5 dxe5 26. Nxe5 Bxe5 27. Rxe5 Ng5 28. h4 Nh3+ 29. Kh2 fxg3+ 30. fxg3 Nf2 31. Rf1 Qc7 32. Re2 Ng4+ 33. Kg1 Rxf1+ 34. Kxf1 Bf5 35. Qxf5 Rf8 36. Re8 Ne3+ 37. Rxe3 Rxf5+ 38. Ke2 Re5 39. Be4 g6 40. c5 Kg7 0-1